000 01207nas a22003254c 4500
001 197849
003 ES-MaACL
005 20251022063027.0
007 ta
008 250601s2025 sp | || ||spa
017 _aM 26114-2007
_bOficina Depósito Legal Madrid
022 0 _a1887-9292
040 _aSpMaBN
_bspa
_cSpMaBN
_erdc
080 _a631.115.11(460)
245 0 0 _aAgricultura y ganadería familiar en España :
_banuario 2025
264 _aMadrid :
_bFundación de Estudios Rurales,
_c2025
300 _a379 páginas :
_bilustraciones (color), gráficos (color) ;
_c29 cm
336 _2rdacontent
_atexto
337 _2rdamedia
_asin mediación
338 _2rdacarrier
_avolumen
504 _aIncluye referencias bibliográficas e índice
650 7 _aEmpresas agrícolas familiares
_zEspaña
_9242312
710 2 _aFundación de Estudios Rurales
_9242313
_eisb
852 _aES-MaACL
_cDEPO1
_jA-15773
_xEncuadernación Rustica con solapas
_gDedicatoria autógrafa del coordinador del anuario
942 _cMONOGRAFIA
_n0
980 _a2011
999 _c197849
_d197849